|
|
|
|
| LEADER |
00000nam a2200000Ki 4500 |
| 001 |
DIGBRUJ214 |
| 003 |
NyNyDIG |
| 006 |
m o d |
| 008 |
201214s2016 ag a ob 000 0 spa d |
| 007 |
cr ||||||||||| |
| 035 |
|
|
|a (OCoLC)964290257
|
| 040 |
|
|
|a DGITA
|b eng
|e rda
|e pn
|c DGITA
|
| 020 |
|
|
|a 9789875917507
|q eBook
|
| 020 |
|
|
|a 9875917508
|q eBook
|
| 020 |
|
|
|z 9789875917422
|
| 020 |
|
|
|z 9875917427
|
| 050 |
1 |
4 |
|a BT885.L23 ebook
|
| 082 |
0 |
4 |
|a 236.9
|
| 100 |
1 |
|
|a Torres Roggero, Jorge,
|d 1938-
|e author.
|
| 245 |
1 |
0 |
|a Últimas noticias sobre el Anticristo :
|b Manuel Lacunza y el Papa Francisco, dos jesuitas llegados del fin del mundo /
|c Jorge Torres Roggero.
|
| 264 |
|
1 |
|a Córdoba, Argentina :
|b Editorial Brujas,
|c [2016]
|
| 300 |
|
|
|a 1 online resource.
|
| 336 |
|
|
|a text
|b txt
|2 rdacontent
|
| 337 |
|
|
|a computer
|b c
|2 rdamedia
|
| 338 |
|
|
|a online resource
|b cr
|2 rdacarrier
|
| 347 |
|
|
|a text file
|2 rdaft
|
| 347 |
|
|
|b PDF
|
| 500 |
|
|
|a Includes two appendices with fragments of Lacunza's La venida del Mesías en gloria y majestad: pages 89-101.
|
| 504 |
|
|
|a Includes bibliographical references.
|
| 588 |
0 |
|
|a Online resource; title from PDF title page (Digitalia, viewed December 16, 2020)
|
| 600 |
1 |
0 |
|a Lacunza, Manuel,
|d 1731-1801.
|t Venida del Mesías en gloria y majestad.
|
| 650 |
|
0 |
|a Antichrist.
|
| 650 |
|
0 |
|a Second Advent.
|
| 655 |
|
0 |
|a Electronic books.
|
| 791 |
2 |
|
|a Digitalia (Firm),
|e distributor.
|
| 793 |
0 |
|
|g Digitalia eBook Collection:
|a Editorial Brujas
|
| 776 |
0 |
8 |
|i Print version:
|a Torres Roggero, Jorge, 1938-
|t Últimas noticias sobre el Anticristo.
|b 1° edición.
|d Córdoba, Argentina : Editorial Brujas, [2016]
|z 9789875917422
|w (DLC) 2016366822
|w (OCoLC)976338262
|
| 856 |
4 |
0 |
|3 Digitalia Hispánica
|u https://www.digitaliapublishing.com/a/41907/
|
| 910 |
|
|
|a Premium collection: 2020
|